000 01125nam a2200241Ia 4500
999 _c56078
_d56078
001 23178
003 GE_BSU
005 20230719173345.0
008 181216s1966||||ge |||||||||||||| ||geo||
040 _cGE_BSU
041 _ageo
080 _a82-93:821.111(73)-32 ტ-54
100 _aტვენი, მარკ
_916107
245 _aუფლისწული და მათხოვარი /
_cმარკ ტვენი;ინგლისურიდან თარგმნა თ. დიასამიძემ ; რედ. ლ. ქადაგიშვილი ; მხატვ. გ. კასრაძე.
264 _aთბილისი :
_bნაკადული,
_c1966.
300 _a211 გვ. ;
_c20 სმ.
541 _h1ლ. 44თ.
653 _aუფლისწული და მათხოვარი
700 _aდიასამიძე, თ.
_eმთარგმნელი
_919453
700 _aქადაგიშვილი, ლ.
_eრედაქტორი
_94300
700 _aკასრაძე, გ.
_eმხატვარი
_919454
942 _cBK
_2udc